Tajribah ijtimāʻīyah fī iḥdá qurá al-quṭr al-Miṣrī : qariyat El-Agaïza = Une expérience sociale dans un village d'Egypte : El-Agaïza /

محفوظ في:

المؤلف الرئيسي: Vincenot, M. (مؤلف)

التنسيق: كتاب

اللغة: Arabic
French

منشور في: Le Caire : Impr. de l'Institut français d'archéologie orientale, 1946.

الموضوعات:

الوسوم: إضافة وسم

لا توجد وسوم, كن أول من يضع وسما على هذه التسجيلة!

رقم الطلب: ( P )HN783.5 .V32 1946

LEADER 01226nam a2200265Ia 4500
003 OSt
005 20221017143037.0
008 130303s1946 ua f 000 0 ara d
952 |0 0  |1 0  |2 lcc  |4 0  |7 1  |9 43083  |a ARCE  |b ARCE  |d 2022-10-17  |l 0  |o ( P )HN783.5 .V32 1946  |p 1026940  |r 2022-10-17 00:00:00  |w 2022-10-17  |y BK 
999 |c 26120  |d 26120 
040 |c ARCE Library 
041 0 |a ara  |a fre 
043 |a f-ua--- 
050 4 |a ( P )HN783.5 .V32 1946 
100 1 |a Vincenot, M.  |q (Marcel),  |e author  |9 41692 
245 1 0 |6 880-02  |a Tajribah ijtimāʻīyah fī iḥdá qurá al-quṭr al-Miṣrī :  |b qariyat El-Agaïza = Une expérience sociale dans un village d'Egypte : El-Agaïza /   |c Marcel Vincenot. 
246 3 1 |a Expérience sociale dans un village d'Egypte El-Agaïza 
264 1 |a Le Caire :   |b Impr. de l'Institut français d'archéologie orientale,   |c 1946. 
300 |a 26-29 pages -[4] pages of plates ;   |c 25 cm. 
546 |a Dual French and Arabic text. 
650 0 |a Villages  |z Egypt. 
651 0 |a Egypt  |x Rural conditions  |y 20th century. 
880 1 0 |6 245-02/(3/r  |a  : تجربة اجتماعية في إحدى قرى القطر المصري   |b قرية العجايرة   |c مرسيل فينوسينت 
901 |a reviewed 
942 |c BK  |2 lcc